[Event "Olomouc Chess Summer 2011 - Valoz Cup"]
[Site "Olomouc (CZE), Hotel Sigma"]
[Date "2011.08.08"]
[Round "6"]
[White "Bures, Jaroslav"]
[Black "Zilka, Stepan"]
[Result "1/2-1/2"]
[WhiteElo "2380"]
[BlackElo "2506"]
[PlyCount "0"]
[EventDate "2011.08.03"]

1. e4 e5 2. Nf3 Nf6 3. Nxe5 d6 4. Nf3 Nxe4 5. Nc3 Nxc3 6. dxc3 Nc6 7. Bf4 Be7
8. Qd2 Be6 9. Ng5 Bxg5 10. Bxg5 Qd7 11. Be2 O-O 12. O-O-O a5 13. Kb1 a4 14. Be3
f5 15. c4 f4 16. Bxf4 Qf7 17. Bg3 Bxc4 18. Bxc4 Qxc4 19. Qd5+ Qxd5 20. Rxd5 Ne7
21. Rd2 Nf5 22. Re1 Nxg3 23. hxg3 Rae8 24. Rde2 Kf7 25. Re4 Rxe4 26. Rxe4 b5
27. Kc1 d5 28. Re3 c6 29. b3 axb3 30. axb3 b4 31. Kd2 Re8 32. Rf3+ Ke7 33. Kd3
c5 34. Rf5 Rf8 35. Rxd5 Rxf2 36. Rxc5 Rxg2 37. Re5+ Kf6 38. Re3 h5 39. c3 bxc3
40. Kxc3 g5 41. b4 h4 42. gxh4 gxh4 43. Kd4 Rg5 44. Rh3 Rh5 45. Ke3 Ke5 46. Kf3
Kd5 47. Kg4 Rh8 48. Rxh4 Rxh4+ 49. Kxh4 Kc4 50. b5 Kxb5 1/2-1/2

[Event "Olomouc Chess Summer 2011 - Valoz Cup"]
[Site "Olomouc (CZE), Hotel Sigma"]
[Date "2011.08.08"]
[Round "6"]
[White "Antipov, Mikhail Al"]
[Black "Drozdowski, Kacper"]
[Result "1-0"]
[WhiteElo "2407"]
[BlackElo "2311"]
[PlyCount "0"]
[EventDate "2011.08.03"]

1. e4 c5 2. Nf3 e6 3. b3 b6 4. Bb2 Bb7 5. Qe2 Nc6 6. g3 d5 7. e5 Be7 8. Bg2 Qc7
9. d3 O-O-O 10. h4 Re8 11. c4 dxc4 12. dxc4 f5 13. O-O Nh6 14. Nc3 Nf7 15. Rad1
a6 16. Rfe1 Nd4 17. Nxd4 cxd4 18. Na4 Bxg2 19. Kxg2 Qc6+ 20. Qf3 Qxf3+ 21. Kxf3
Kb7 22. Bxd4 Rd8 23. Bxb6 Nxe5+ 24. Kg2 Rxd1 25. Rxd1 Kc8 26. Re1 Bd6 27. f4
Nf7 28. Rxe6 Kd7 29. Re2 h6 30. Bd4 Rg8 31. Nb6+ Kd8 32. Re6 g5 33. c5 Bf8 34.
fxg5 hxg5 35. h5 g4 36. Nd5 Ng5 37. Rxa6 Ne4 38. c6 1-0

[Event "Olomouc Chess Summer 2011 - Valoz Cup"]
[Site "Olomouc (CZE), Hotel Sigma"]
[Date "2011.08.08"]
[Round "6"]
[White "Dobrowolski, Piotr"]
[Black "Andreev, Eduard"]
[Result "0-1"]
[WhiteElo "2423"]
[BlackElo "2458"]
[PlyCount "74"]
[EventDate "2011.08.03"]

1. e4 c5 2. Nf3 d6 3. d4 cxd4 4. Nxd4 Nf6 5. Nc3 Nc6 6. Bg5 e6 7. Qd2 a6 8.
O-O-O Qb6 9. Bxf6 gxf6 10. Nb3 Qc7 11. Kb1 b5 12. f4 h5 13. h4 Bd7 14. Rh3 b4
15. Ne2 a5 16. Nbd4 Rb8 17. c4 bxc3 18. Rxc3 Qb7 19. Nxc6 Bxc6 20. Rb3 Qa8 21.
Rxb8+ Qxb8 22. Qxa5 Bxe4+ 23. Ka1 f5 24. Nd4 Bg7 25. Bd3 O-O 26. Bxe4 fxe4 27.
f5 d5 28. Qd2 Qe5 29. Nc6 Qf6 30. Qb4 Kh7 31. a4 Rc8 32. Rc1 exf5 33. Qb5 d4
34. Rc5 d3 35. Ka2 d2 36. Rd5 e3 37. Ne5 Qe6 0-1

[Event "Olomouc Chess Summer 2011 - Valoz Cup"]
[Site "Olomouc (CZE), Hotel Sigma"]
[Date "2011.08.08"]
[Round "6"]
[White "Kalinitschew, Sergey"]
[Black "Arutinian, David"]
[Result "1/2-1/2"]
[WhiteElo "2431"]
[BlackElo "2562"]
[PlyCount "34"]
[EventDate "2011.08.03"]

1. d4 Nf6 2. c4 g6 3. Nc3 Bg7 4. e4 d6 5. h3 O-O 6. Nf3 c5 7. Be3 Qa5 8. Qd2
cxd4 9. Nxd4 Nc6 10. O-O-O Nxd4 11. Bxd4 Be6 12. Kb1 Rfc8 13. Bxf6 exf6 14. Nd5
Qd8 15. g4 a6 16. f4 Rab8 17. f5 Bxd5 1/2-1/2

[Event "Olomouc Chess Summer 2011 - Prima pack c"]
[Site "Olomouc (CZE), Hotel Sigma"]
[Date "2011.08.08"]
[Round "6"]
[White "Simantsev, Mikhail"]
[Black "Gavrilov, Alexei"]
[Result "1/2-1/2"]
[WhiteElo "2558"]
[BlackElo "2481"]
[PlyCount "124"]
[EventDate "2011.08.03"]

1. d4 Nf6 2. c4 e6 3. Nc3 Bb4 4. f3 d5 5. a3 Bxc3+ 6. bxc3 O-O 7. cxd5 exd5 8.
e3 Nh5 9. Ne2 b6 10. g4 Qh4+ 11. Kd2 Nf6 12. Nf4 Rd8 13. Bd3 c5 14. Qg1 Ne8 15.
g5 Ba6 16. Qg3 Qxg3 17. hxg3 Bxd3 18. Kxd3 f6 19. gxf6 Nxf6 20. g4 h6 21. g5
hxg5 22. Ne6 Rc8 23. Nxg5 Nc6 24. Bd2 Kf8 25. Rag1 Ke7 26. Nh7 Kd7 27. Nxf6+
gxf6 28. Rh7+ Ke6 29. e4 cxd4 30. cxd4 Rh8 31. Rc7 Rac8 32. Rgg7 Rhd8 33. e5
Rf8 34. exf6 Kxf6 35. Rh7 Rxc7 36. Rxc7 Ne7 37. Rxa7 Nc8 38. Rc7 Ke6 39. Bb4
Rg8 40. Ke3 Rh8 41. Kf4 Rg8 42. Rh7 Rg6 43. Rh5 Rf6+ 44. Ke3 Rf5 45. Rh8 Kd7
46. Rh7+ Kc6 47. f4 Rf6 48. Kf3 Nd6 49. Bxd6 Kxd6 50. Kg4 Re6 51. Rh3 Re4 52.
Rd3 Ke6 53. Kg5 b5 54. f5+ Kd7 55. f6 Ke6 56. Rf3 Kf7 57. Rc3 Rxd4 58. Rc7+ Kg8
59. Kg6 Rg4+ 60. Kf5 Rg3 61. Ra7 d4 62. Kf4 Re3 1/2-1/2

[Event "Olomouc Chess Summer 2011 - Prima pack c"]
[Site "Olomouc (CZE), Hotel Sigma"]
[Date "2011.08.08"]
[Round "6"]
[White "Kanovsky, David"]
[Black "Figura, Atila Gajo"]
[Result "1/2-1/2"]
[WhiteElo "2478"]
[BlackElo "2358"]
[PlyCount "85"]
[EventDate "2011.08.03"]

1. e4 e6 2. d4 d5 3. Nd2 c5 4. exd5 Qxd5 5. Ngf3 cxd4 6. Bc4 Qd7 7. O-O Nc6 8.
Nb3 Nf6 9. Qe2 a6 10. Bg5 b5 11. Bd3 Bb7 12. Rad1 Qc7 13. Nbxd4 Be7 14. Rfe1
Nxd4 15. Nxd4 O-O 16. c3 Rfe8 17. Bc2 Bd5 18. a4 Qc5 19. Be3 Bc4 20. Qf3 Qc8
21. Nc6 Bd5 22. Nxe7+ Rxe7 23. Qg3 Rd7 24. Bd4 Ne8 25. Re3 f5 26. Rde1 Nd6 27.
Qf4 Nc4 28. Rg3 Qc7 29. Qh4 Nxb2 30. Qh5 Rf8 31. axb5 axb5 32. Rh3 g6 33. Qh6
Nc4 34. f4 Nd6 35. Rg3 Ne4 36. Bxe4 Bxe4 37. h4 Rxd4 38. cxd4 Qg7 39. Qxg7+
Kxg7 40. Rc1 Rf7 41. Rb3 Rd7 42. Rxb5 Rxd4 43. Rc7+ 1/2-1/2

[Event "Olomouc Chess Summer 2011 - Prima pack c"]
[Site "Olomouc (CZE), Hotel Sigma"]
[Date "2011.08.08"]
[Round "6"]
[White "Chernyshov, Konstantin"]
[Black "Stachowiak, Kamil"]
[Result "1/2-1/2"]
[WhiteElo "2552"]
[BlackElo "2436"]
[PlyCount "66"]
[EventDate "2011.08.03"]

1. d4 d5 2. c4 e6 3. Nf3 c6 4. Qc2 Nf6 5. g3 Nbd7 6. Bg2 Be7 7. O-O O-O 8. Nbd2
b6 9. e4 Bb7 10. b3 Rc8 11. Bb2 c5 12. exd5 exd5 13. dxc5 Bxc5 14. Qf5 dxc4 15.
Nxc4 b5 16. Nce5 Nxe5 17. Bxe5 Qd7 18. Nh4 Bxg2 19. Kxg2 Qc6+ 20. Qf3 Ng4 21.
Qxc6 Rxc6 22. Nf3 Bb6 23. Bd4 Rc2 24. Kg1 h6 25. a4 Rd8 26. Bxb6 axb6 27. h3
Rc3 28. Kg2 Nf6 29. Rfb1 Rdd3 30. Ne1 Rd2 31. Nf3 Rdd3 32. Ne1 Rd2 33. Nf3 Rdd3
1/2-1/2

[Event "Olomouc Chess Summer 2011 - Prima pack cup"]
[Site "Olomouc (CZE), Hotel Sigma"]
[Date "2011.08.08"]
[Round "6"]
[White "Wieczorek, Oskar"]
[Black "Biolek, Richard Jr"]
[Result "1/2-1/2"]
[WhiteElo "2374"]
[BlackElo "2409"]
[PlyCount "0"]
[EventDate "2011.08.03"]

1. e4 Nc6 2. Nf3 e5 3. d4 exd4 4. Nxd4 Nf6 5. Nxc6 bxc6 6. e5 Qe7 7. Qe2 Nd5 8.
c4 Ba6 9. g3 g5 10. b3 Bg7 11. Bb2 O-O 12. h4 Rae8 13. hxg5 Qxg5 14. Rh5 Qg6
15. Nc3 f5 16. Nxd5 cxd5 17. f4 dxc4 18. bxc4 h6 19. O-O-O d6 20. Bg2 Kh7 21.
g4 Qxg4 22. Qxg4 fxg4 23. Be4+ Kh8 24. exd6 Bxb2+ 25. Kxb2 Rxe4 26. d7 Kg7 27.
d8=Q Rxd8 28. Rxd8 Rxf4 29. Ra5 Bxc4 30. Rxa7 Rf2+ 31. Kc3 Bxa2 32. Rd2 Rf3+
33. Rd3 Bd5 1/2-1/2

[Event "Olomouc Chess Summer 2011 - Prima pack cup"]
[Site "Olomouc (CZE), Hotel Sigma"]
[Date "2011.08.08"]
[Round "6"]
[White "Plat, Vojtech"]
[Black "Oparin, Grigoriy"]
[Result "0-1"]
[WhiteElo "2410"]
[BlackElo "2356"]
[PlyCount "0"]
[EventDate "2011.08.03"]

1. e4 c5 2. Nf3 d6 3. d4 cxd4 4. Qxd4 Nc6 5. Bb5 Bd7 6. Bxc6 Bxc6 7. c4 Nf6 8.
Nc3 g6 9. O-O Bg7 10. Be3 O-O 11. Qd3 Nd7 12. Nd4 Rc8 13. Rac1 Ne5 14. Qe2 Bd7
15. b3 Ng4 16. Rfd1 Nxe3 17. Qxe3 a6 18. Nf3 Rc5 19. e5 Bc6 20. Ne4 Rxe5 21.
Nxe5 Bxe5 22. Nc3 e6 23. Ne2 Qh4 24. f4 Qg4 25. Qf2 Bb2 26. h3 Qh5 27. Ng3 Qc5
28. Qxc5 dxc5 29. Rc2 Bd4+ 30. Kh1 Rc8 31. Ne2 Bf6 32. a4 Kf8 33. Nc1 Ke7 34.
Nd3 Rd8 35. Rcc1 Bd4 36. Ne5 Be4 37. Rd2 f6 38. Re1 f5 39. h4 Rd6 40. Nf3 Rb6
41. Nxd4 cxd4 42. Rb2 a5 43. Rd1 d3 44. Kg1 Kd6 45. Kf2 Kc5 46. Ke3 Kb4 47.
Rbd2 Rd6 48. Rb1 Kc3 49. c5 Rd7 50. b4 axb4 51. Rdb2 Bd5 52. Rxb4 Ba2 53. R1b2
d2 54. Rxd2 Rxd2 55. Rxb7 Bd5 56. Rxh7 Ra2 57. c6 Rxa4 58. Rg7 Re4+ 59. Kf3 Kd3
60. Kg3 Re2 61. c7 Rxg2+ 62. Kh3 Rc2 63. Rxg6 Rxc7 64. h5 Ke3 65. h6 Rc1 66.
Kh4 Kxf4 67. Rg3 Bg2 0-1

[Event "Olomouc Chess Summer 2011 - Winsoft comp"]
[Site "Olomouc (CZE), Hotel Sigma"]
[Date "2011.08.08"]
[Round "6"]
[White "Stachanczyk, Jacek"]
[Black "Furman, Boris"]
[Result "1/2-1/2"]
[WhiteElo "2328"]
[BlackElo "2262"]
[PlyCount "57"]
[EventDate "2011.08.03"]

1. e4 c5 2. Nf3 Nc6 3. d4 cxd4 4. Nxd4 Nf6 5. Nc3 d6 6. Bg5 e6 7. Qd2 Be7 8.
O-O-O O-O 9. f4 h6 10. Bh4 e5 11. Nf5 Bxf5 12. exf5 Qa5 13. Kb1 Rad8 14. Bxf6
Bxf6 15. Nd5 Qxd2 16. Rxd2 Rfe8 17. c3 exf4 18. Bd3 Be5 19. Rf1 Rb8 20. Bb5 a6
21. Bxc6 bxc6 22. Nc7 Rec8 23. Nxa6 Bxc3 24. Rc2 Rb6 25. Rxc3 Rxa6 26. Rxf4 Re8
27. Rf2 Kf8 28. a3 f6 29. Ka2 1/2-1/2

[Event "Olomouc Chess Summer 2011 - Winsoft company cup"]
[Site "Olomouc (CZE), Hotel Sigma"]
[Date "2011.08.08"]
[Round "6"]
[White "Yuffa, Daniil"]
[Black "Moritz, Aron"]
[Result "1-0"]
[WhiteElo "2302"]
[BlackElo "2091"]
[PlyCount "0"]
[EventDate "2011.08.03"]

1. d4 Nf6 2. c4 g6 3. Nf3 Bg7 4. g3 O-O 5. Bg2 d6 6. O-O Nbd7 7. Nc3 c6 8. e4
e5 9. h3 Qa5 10. Re1 exd4 11. Nxd4 Ne5 12. Bf1 Re8 13. f4 Qc5 14. Be3 Nxc4 15.
Bf2 Nxb2 16. Qb3 Ng4 17. hxg4 Bxd4 18. Bxd4 Qxd4+ 19. Kg2 Nd3 20. Bxd3 Qxd3 21.
Rad1 Qa6 22. f5 gxf5 23. exf5 Bd7 24. Ne4 Rxe4 25. Rxe4 c5 26. Re7 Bc6+ 27. Kh3
c4 28. Qc3 Qxa2 29. Rg1 Qf2 30. Qf6 Rf8 31. Qg5+ Kh8 32. Qh6 1-0

[Event "Olomouc Chess Summer 2011 - Winsoft comp"]
[Site "Olomouc (CZE), Hotel Sigma"]
[Date "2011.08.08"]
[Round "6"]
[White "Biolek, Richard"]
[Black "Dmitrenko, Viktor"]
[Result "1-0"]
[WhiteElo "2478"]
[BlackElo "2353"]
[PlyCount "105"]
[EventDate "2011.08.03"]

1. e4 e6 2. d4 d5 3. e5 c5 4. c3 Qb6 5. Nf3 Bd7 6. a3 c4 7. Be2 Nc6 8. Nbd2 Na5
9. O-O f6 10. Qe1 f5 11. Rb1 Rc8 12. Bd1 Be7 13. h3 Nh6 14. Nh2 f4 15. g4 O-O
16. Bc2 Nb3 17. Qe2 Ba4 18. Nxb3 Bxb3 19. Nf3 Qb5 20. Ra1 Bxc2 21. Qxc2 Qe8 22.
Kg2 Rc6 23. Ng1 b5 24. f3 Qg6 25. Qxg6 hxg6 26. Ne2 g5 27. h4 gxh4 28. Nxf4 Kh7
29. Nh3 Nf7 30. Bd2 a5 31. Rh1 Ra6 32. Rh2 g5 33. f4 Kg6 34. Rf1 Nh6 35. fxg5
Nxg4 36. Rxf8 Bxf8 37. Nf4+ Kxg5 38. Rh3 Kf5 39. Rxh4 Nh6 40. Kf3 Nf7 41. Rh5+
Ng5+ 42. Rxg5+ Kxg5 43. Nxe6+ Kf5 44. Nxf8 Ra8 45. Bh6 b4 46. axb4 axb4 47.
cxb4 Rb8 48. e6 Rxb4 49. e7 Rb3+ 50. Be3 Rb8 51. Bd2 Re8 52. Bb4 Kf6 53. Kf4
1-0

[Event "Olomouc Chess Summer 2011 - Winsoft comp"]
[Site "Olomouc (CZE), Hotel Sigma"]
[Date "2011.08.08"]
[Round "6"]
[White "Wiley, Tom E"]
[Black "Jurek, Josef"]
[Result "1/2-1/2"]
[WhiteElo "2306"]
[BlackElo "2324"]
[PlyCount "90"]
[EventDate "2011.08.03"]

1. d4 e6 2. c4 Nf6 3. Nc3 Bb4 4. e3 O-O 5. Bd3 d5 6. cxd5 exd5 7. a3 Bd6 8. b4
a5 9. b5 c5 10. bxc6 bxc6 11. Nf3 Ba6 12. O-O Bxd3 13. Qxd3 Re8 14. Na4 Nbd7
15. Bb2 Nb6 16. Nxb6 Qxb6 17. Rab1 Qa6 18. Qc2 Rab8 19. a4 Ne4 20. Rbc1 Rb6 21.
Nd2 Nf6 22. Bc3 Reb8 23. e4 Ba3 24. Rcd1 dxe4 25. Nxe4 Nd5 26. Ba1 Qc8 27. Nc5
Bb4 28. Rc1 Qe8 29. g3 Qe7 30. Nd3 Qd7 31. Ne5 Qe6 32. Nc4 Ra6 33. Qd3 Ra7 34.
Ne5 Rc7 35. Qf3 Re8 36. Rc2 f6 37. Nd3 Qe4 38. Qxe4 Rxe4 39. Bb2 Kf7 40. Rfc1
Re6 41. Kf1 Rc8 42. Nc5 Rd6 43. Ne4 Re6 44. Nc5 Re7 45. Na6 Re6 1/2-1/2

[Event "Olomouc Chess Summer 2011 - Winsoft comp"]
[Site "Olomouc (CZE), Hotel Sigma"]
[Date "2011.08.08"]
[Round "6"]
[White "Obsivac, Josef"]
[Black "Poznanska, Katarzyna"]
[Result "1-0"]
[WhiteElo "2273"]
[BlackElo "2068"]
[PlyCount "83"]
[EventDate "2011.08.03"]

1. d4 g6 2. c4 Nf6 3. Nc3 Bg7 4. e4 d6 5. Nf3 O-O 6. Be2 e5 7. d5 a5 8. h3 Na6
9. Bg5 h6 10. Be3 Nc5 11. Nd2 Ne8 12. g4 c6 13. Nb3 Nxb3 14. axb3 c5 15. h4 f5
16. gxf5 gxf5 17. f3 f4 18. Bf2 Bf6 19. Kd2 Kh7 20. Qg1 Nc7 21. Qh2 Bd7 22.
Rhg1 h5 23. Bf1 Qe7 24. Bh3 Rg8 25. Rxg8 Rxg8 26. Bxd7 Qxd7 27. Rxa5 Rg6 28.
Ra1 Qg7 29. Qh3 Rg2 30. Rf1 Qg3 31. Qf5+ Kg7 32. Ke2 Na6 33. Qd7+ Kg6 34. Qxd6
Nb4 35. Qxc5 Nc2 36. Kd1 Rxf2 37. Qxf2 Ne3+ 38. Ke2 Nxf1 39. Kxf1 Bxh4 40.
Qxg3+ fxg3 41. Kg2 Kf7 42. Ne2 1-0

[Event "Olomouc Chess Summer 2011 - Ceska pojist"]
[Site "Olomouc (CZE), Hotel Sigma"]
[Date "2011.08.08"]
[Round "6"]
[White "Mackowiak, Marek"]
[Black "Balacek, Tadeas"]
[Result "0-1"]
[WhiteElo "2236"]
[BlackElo "2251"]
[PlyCount "88"]
[EventDate "2011.08.03"]

1. c4 g6 2. Nc3 Bg7 3. g3 d6 4. Bg2 e5 5. e3 Nc6 6. Nge2 f5 7. O-O Be6 8. b3
Nf6 9. d4 Bf7 10. Bxc6+ bxc6 11. dxe5 dxe5 12. Ba3 Bf8 13. Bxf8 Kxf8 14. Qxd8+
Rxd8 15. Rad1 Rd6 16. Na4 Nd7 17. Nec3 Ke7 18. f3 g5 19. h3 h5 20. e4 f4 21.
gxf4 gxf4 22. h4 Rg8+ 23. Kf2 Rdg6 24. Rg1 Rxg1 25. Rxg1 Rxg1 26. Kxg1 Nf8 27.
Nc5 Ng6 28. Na6 Nxh4 29. Kf2 Be6 30. Nxc7 Bc8 31. b4 Kd8 32. N7d5 cxd5 33. exd5
Nf5 34. a4 Nd4 35. c5 Bf5 36. b5 Nb3 37. b6 axb6 38. cxb6 Bd3 39. d6 Na5 40.
Nd5 Kd7 41. Nf6+ Kxd6 42. Nxh5 Ke7 43. Kg2 Bf5 44. Kf2 Bg6 0-1

[Event "Olomouc Chess Summer 2011 - Ceska pojist"]
[Site "Olomouc (CZE), Hotel Sigma"]
[Date "2011.08.08"]
[Round "6"]
[White "Mishuchkov, Nikolai M"]
[Black "Volodin, Viktor"]
[Result "1/2-1/2"]
[WhiteElo "2415"]
[BlackElo "2200"]
[PlyCount "35"]
[EventDate "2011.08.03"]

1. Nf3 d5 2. e3 Nf6 3. c4 e6 4. b3 Nbd7 5. Bb2 Bd6 6. Nc3 c6 7. Qc2 O-O 8. Be2
Qc7 9. d4 Re8 10. O-O dxc4 11. Bxc4 b5 12. Be2 Be7 13. Ne4 Nxe4 14. Qxe4 e5 15.
Rfd1 Bf6 16. Qb1 e4 17. Nd2 Ne5 18. Qxe4 1/2-1/2

[Event "Olomouc Chess Summer 2011 - Ceska pojist"]
[Site "Olomouc (CZE), Hotel Sigma"]
[Date "2011.08.08"]
[Round "6"]
[White "Klima, Lukas"]
[Black "Michalczak, Thomas"]
[Result "1/2-1/2"]
[WhiteElo "2349"]
[BlackElo "2325"]
[PlyCount "25"]
[EventDate "2011.08.03"]

1. e4 e5 2. Nf3 Nc6 3. Bb5 a6 4. Ba4 Nf6 5. O-O Be7 6. Bxc6 dxc6 7. d3 Nd7 8.
Nbd2 f6 9. Nh4 O-O 10. Nf5 Nc5 11. Nc4 Bxf5 12. exf5 Qd5 13. Qg4 1/2-1/2

[Event "Olomouc Chess Summer 2011 - Ceska pojistovna cup"]
[Site "Olomouc (CZE), Hotel Sigma"]
[Date "2011.08.08"]
[Round "6"]
[White "Groetz, Harald"]
[Black "Aripov, Iskandar"]
[Result "1-0"]
[WhiteElo "2256"]
[BlackElo "2123"]
[PlyCount "0"]
[EventDate "2011.08.03"]

1. e4 c5 2. Nf3 d6 3. d4 cxd4 4. Qxd4 Nc6 5. Bb5 Bd7 6. Bxc6 Bxc6 7. c4 Nf6 8.
Nc3 g6 9. O-O Bg7 10. Qd3 O-O 11. Nd4 Nd7 12. Nxc6 bxc6 13. Re1 Qb6 14. b3 Ne5
15. Qc2 Ng4 16. Re2 f5 17. Na4 Qc7 18. Bb2 Bxb2 19. Nxb2 f4 20. f3 Ne5 21. c5
d5 22. exd5 cxd5 23. Qc3 Nc6 24. Nd3 Rf5 25. Rae1 Re8 26. b4 e5 27. b5 Nd4 28.
Rb2 Rf7 29. Qxd4 exd4 30. Rxe8+ Kg7 31. b6 axb6 32. cxb6 Qc6 33. Re1 Rb7 34.
Reb1 Qc3 35. Rb3 Qd2 36. a4 Rxb6 37. Rxb6 Qxd3 38. Ra1 Qe3+ 39. Kh1 Qc3 40.
Rbb1 Qa5 41. Rd1 Kf6 42. Rxd4 g5 43. Rad1 h6 44. h4 Kg6 45. Kh2 Kh5 46. Kh3 Qa6
47. hxg5 hxg5 48. Kh2 Qa7 49. R1d2 Qa6 50. Rxd5 Qxa4 51. Rf5 Qc6 52. Rdd5 Kh4
53. Rd8 Kh5 54. Rg8 Qc1 55. Rf6 g4 56. fxg4+ 1-0

[Event "Olomouc Chess Summer 2011 - Ceska pojist"]
[Site "Olomouc (CZE), Hotel Sigma"]
[Date "2011.08.08"]
[Round "6"]
[White "Ruzicka, Petr"]
[Black "Vrana, Jan"]
[Result "1/2-1/2"]
[WhiteElo "2271"]
[BlackElo "2306"]
[PlyCount "82"]
[EventDate "2011.08.03"]

1. Nf3 Nf6 2. g3 b5 3. Bg2 Bb7 4. O-O e6 5. d4 Be7 6. a4 b4 7. Nbd2 O-O 8. a5
Na6 9. c4 c5 10. e3 Qc7 11. b3 cxd4 12. exd4 d5 13. Qe2 Rad8 14. Bb2 dxc4 15.
bxc4 Rfe8 16. Rfe1 Nb8 17. d5 exd5 18. Bxf6 gxf6 19. Nd4 Qd7 20. a6 Bc5 21. Qh5
Bxd4 22. Bh3 Bxa1 23. Rxa1 Re5 24. Qh4 Qe7 25. axb7 dxc4 26. Nf3 Rc5 27. Re1
Qd6 28. Re4 h5 29. Rf4 c3 30. Bf5 Rxf5 31. Rxf5 c2 32. Rxh5 c1=Q+ 33. Kg2 Qd3
34. Ne1 Qg6 35. Rh8+ Kg7 36. Rxd8 Qgh6 37. Qg4+ Qhg5 38. Qh3 Qc6+ 39. Kg1 Qh6
40. Qg4+ Qg5 41. Qc8 Qcc1 1/2-1/2

[Event "Olomouc Chess Summer 2011 - Open Olomouc"]
[Site "Olomouc"]
[Date "2011.08.08"]
[Round "6.1"]
[White "Szymanski, Marcin"]
[Black "Rjabzev, Konstantin"]
[Result "1-0"]
[WhiteElo "2410"]
[BlackElo "2271"]
[PlyCount "0"]
[EventDate "2011.08.04"]

1. d4 d6 2. Nf3 g6 3. c4 Bg7 4. e4 Nd7 5. Nc3 e5 6. Be2 Ne7 7. O-O O-O 8. Be3
exd4 9. Nxd4 Nc6 10. Qd2 Nxd4 11. Bxd4 Bxd4 12. Qxd4 Qf6 13. Qd2 Nb6 14. f4 Qe7
15. Bd3 f6 16. Rae1 Bd7 17. Nd5 Nxd5 18. exd5 Qg7 19. f5 g5 20. Qf2 b6 21. b4
Rfe8 22. c5 Rxe1 23. Rxe1 Be8 24. Qd4 Qf8 25. c6 a5 26. b5 Kg7 27. Re6 Rc8 28.
h4 h6 29. hxg5 hxg5 30. Be2 Rd8 31. Qe3 Kg8 32. Re7 Bf7 33. Rxc7 Re8 34. Qf2
Qh6 35. Rd7 Bh5 36. Bf1 g4 37. Rxd6 Qg5 38. g3 Bf7 39. c7 1-0

[Event "Olomouc Chess Summer 2011 - Open Olomouc"]
[Site "Olomouc"]
[Date "2011.08.08"]
[Round "6.2"]
[White "Johansson, Jan"]
[Black "Kowalczyk, Rafal"]
[Result "1-0"]
[WhiteElo "2397"]
[BlackElo "2085"]
[PlyCount "59"]
[EventDate "2011.08.04"]

1. d4 d5 2. Nf3 Nf6 3. c4 dxc4 4. e3 e6 5. Bxc4 c5 6. O-O a6 7. Qe2 Nc6 8. dxc5
Bxc5 9. a3 b5 10. Bd3 Bb7 11. b4 Be7 12. Bb2 O-O 13. Rd1 Qc7 14. Nbd2 Rac8 15.
Rac1 Qb8 16. Ng5 g6 17. f4 e5 18. f5 Nd5 19. Nde4 Qa7 20. fxg6 hxg6 21. Re1 Nf4
22. Qf2 Nxd3 23. Qh4 Bxg5 24. Nxg5 Kg7 25. Qh7+ Kf6 26. Rf1+ Kxg5 27. h4+ Kg4
28. Qh6 Qxe3+ 29. Qxe3 Nf4 30. Bxe5 1-0

[Event "Olomouc Chess Summer 2011 - Open Olomouc"]
[Site "Olomouc"]
[Date "2011.08.08"]
[Round "6.4"]
[White "Rojicek, Vojtech"]
[Black "Zakharchenko, Arnold"]
[Result "1-0"]
[WhiteElo "2396"]
[BlackElo "2202"]
[PlyCount "103"]
[EventDate "2011.08.04"]

1. d4 Nf6 2. c4 g6 3. g3 c6 4. Nf3 d5 5. b3 Bg7 6. Bg2 O-O 7. O-O Bf5 8. Bb2
Ne4 9. Nfd2 a5 10. Nxe4 Bxe4 11. Bxe4 dxe4 12. e3 c5 13. Nc3 cxd4 14. Nxe4 dxe3
15. Bxg7 Qxd1 16. Raxd1 exf2+ 17. Rxf2 Kxg7 18. Nc5 Ra7 19. Rdf1 Kg8 20. Ne6 f6
21. Nxf8 Kxf8 22. a3 Nc6 23. Rd1 b6 24. Rd5 Rb7 25. Rb2 Ke8 26. Kg2 Na7 27. b4
axb4 28. Rxb4 Rc7 29. Rxb6 Rxc4 30. Rd2 Kf7 31. Ra2 Ra4 32. Rc2 Rxa3 33. Rc7
Ra2+ 34. Kf1 Ra1+ 35. Kf2 Ra2+ 36. Kf1 Ra1+ 37. Kg2 Ra2+ 38. Kh3 h5 39. Rbb7
Nc6 40. Rxc6 g5 41. g4 hxg4+ 42. Kxg4 Rxh2 43. Rcc7 Re2 44. Kf3 Re5 45. Rc2 Kg6
46. Re2 Rf5+ 47. Kg3 e5 48. Rb6 Kh5 49. Rh2+ Kg6 50. Rf2 Rxf2 51. Kxf2 g4 52.
Kg3 1-0

[Event "Olomouc Chess Summer 2011 - Open Olomouc"]
[Site "Olomouc"]
[Date "2011.08.08"]
[Round "6.5"]
[White "Miskulin, Dennis"]
[Black "Bryzgalin, Kirill"]
[Result "0-1"]
[WhiteElo "2208"]
[BlackElo "2469"]
[PlyCount "100"]
[EventDate "2011.08.04"]

1. e4 e5 2. Nf3 Nc6 3. Nc3 g6 4. d4 exd4 5. Nd5 h6 6. Bc4 Bg7 7. O-O d6 8. h3
Nge7 9. Re1 O-O 10. Bf4 Ne5 11. Bb3 Nxd5 12. Bxd5 Qf6 13. Bxe5 dxe5 14. Qd3 c6
15. Bb3 Rd8 16. c3 dxc3 17. Qxc3 Qe7 18. Rad1 Bd7 19. Rd3 Be8 20. Red1 Rxd3 21.
Rxd3 Rd8 22. Rxd8 Qxd8 23. a3 Qd6 24. Bc2 b6 25. Kh2 Bf6 26. Qc4 Kf8 27. b4 Bd8
28. Qa6 Qc7 29. Qc4 Be7 30. g3 Bd6 31. Kg2 b5 32. Qd3 c5 33. bxc5 Qxc5 34. Bb3
Kg7 35. h4 h5 36. Ng5 Be7 37. Qf3 Bf6 38. Bd5 a5 39. Qb3 a4 40. Qf3 Qc1 41. Qd3
Be7 42. Ba2 Qxa3 43. Qd5 Qd6 44. Qa8 Qd8 45. Qb7 Bxg5 46. hxg5 Qxg5 47. Qc7 h4
48. Bd5 hxg3 49. fxg3 Qf6 50. Qc5 Bd7 0-1

[Event "Olomouc Chess Summer 2011 - Open Olomouc"]
[Site "Olomouc"]
[Date "2011.08.08"]
[Round "6.6"]
[White "Cagasik, Tomas"]
[Black "Blazeka, Damjan"]
[Result "1-0"]
[WhiteElo "2255"]
[BlackElo "2052"]
[PlyCount "71"]
[EventDate "2011.08.04"]

1. e4 e6 2. d4 d5 3. Bd3 dxe4 4. Bxe4 Nf6 5. Bf3 c5 6. Ne2 Nc6 7. c3 e5 8.
Bxc6+ bxc6 9. Qa4 exd4 10. cxd4 Bb7 11. Nbc3 Be7 12. Be3 Ng4 13. d5 Qd7 14.
O-O-O Nxe3 15. fxe3 cxd5 16. Qxd7+ Kxd7 17. Nxd5 Bxd5 18. Nc3 Kc6 19. Rxd5 Rad8
20. e4 Bf6 21. Rf1 Rhe8 22. Rff5 Bxc3 23. bxc3 f6 24. Rxc5+ Kb6 25. Rb5+ Ka6
26. Rb4 Rd3 27. Rf3 Rd7 28. Kc2 Red8 29. Rf2 Rd1 30. Re2 Ra1 31. Rb2 Rd7 32. h3
Rdd1 33. e5 Rac1+ 34. Kb3 fxe5 35. Rxe5 Rd7 36. Ka4 1-0

[Event "Olomouc Chess Summer 2011 - Open Olomouc"]
[Site "Olomouc"]
[Date "2011.08.08"]
[Round "6.8"]
[White "Amberger, Dieter"]
[Black "Chudinovskikh, Alexander M"]
[Result "0-1"]
[WhiteElo "2083"]
[BlackElo "2302"]
[PlyCount "66"]
[EventDate "2011.08.04"]

1. d4 Nf6 2. c4 e6 3. Nc3 Bb4 4. Qc2 O-O 5. a3 Bxc3+ 6. Qxc3 d5 7. Bg5 c5 8. e3
cxd4 9. exd4 h6 10. Bh4 g5 11. Bg3 Ne4 12. Qc2 Nc6 13. O-O-O Qf6 14. Nf3 Bd7
15. Bd3 Nxg3 16. hxg3 dxc4 17. Be4 Rfd8 18. d5 exd5 19. Rxd5 Be6 20. Rxd8+ Rxd8
21. Bxc6 bxc6 22. Re1 Rd5 23. Re3 g4 24. Ne1 h5 25. Qe2 Bf5 26. Qxc4 Qd6 27.
Qe2 Rc5+ 28. Rc3 Rxc3+ 29. bxc3 Qxa3+ 30. Qb2 Qxb2+ 31. Kxb2 Kf8 32. Kb3 Ke7
33. Kb4 Kd6 0-1

[Event "Olomouc Chess Summer 2011 - Open Olomouc"]
[Site "Olomouc"]
[Date "2011.08.08"]
[Round "6.9"]
[White "De Marchi, Olivier"]
[Black "Farnault, Eric"]
[Result "1-0"]
[WhiteElo "2267"]
[BlackElo "2065"]
[PlyCount "67"]
[EventDate "2011.08.04"]

1. d4 d5 2. c4 dxc4 3. e3 Nd7 4. Bxc4 Nb6 5. Bd3 g6 6. Nf3 Bg7 7. O-O Nf6 8.
Nc3 O-O 9. Qe2 c6 10. Rd1 Re8 11. h3 Nbd5 12. Bd2 Nxc3 13. Bxc3 Nd5 14. Bd2 Qd6
15. Rac1 Be6 16. Ng5 Rad8 17. Ne4 Qb8 18. Nc5 Bc8 19. f4 Nxf4 20. exf4 Bxd4+
21. Kh1 e5 22. Qf3 f5 23. fxe5 Bxb2 24. Bc4+ Kg7 25. e6 Qe5 26. Nd3 Rxd3 27.
Qxd3 Bxe6 28. Bc3 Bxc3 29. Qxc3 Bxc4 30. Qxe5+ Rxe5 31. Rxc4 Ra5 32. Rd7+ Kh6
33. Rxb7 Rxa2 34. Rxc6 1-0